[Event "II. CLANSKA LIGA ZAHOD 2018"]
[Site "Komenda"]
[Date "2018.11.25"]
[Round "7.5"]
[White "Drasler, Matej"]
[Black "Danculovic, Jovica"]
[Result "0-1"]
[WhiteElo "1672"]
[BlackElo "1798"]
[PlyCount "98"]
[EventDate "2018.11.25"]
[WhiteTeam "SD VRHNIKA"]
[BlackTeam "SD MATRIKA STARI TRG OB KOLPI"]

1. e4 c5 2. Nc3 g6 3. d4 Bg7 4. Nf3 cxd4 5. Nxd4 d6 6. Bb5+ Bd7 7. O-O Nc6 8.
Nxc6 Bxc6 9. Qd3 Nf6 10. Bxc6+ bxc6 11. Bg5 O-O 12. Bxf6 Bxf6 13. Rfe1 Qa5 14.
a3 Bxc3 15. bxc3 Rab8 16. Reb1 Rxb1+ 17. Rxb1 Qxa3 18. c4 Qc5 19. h3 f5 20.
exf5 Rxf5 21. Rb8+ Rf8 22. Rxf8+ Kxf8 23. Qf3+ Kg7 24. Qc3+ e5 25. Qg3 Qxc4 26.
Qg5 Qe6 27. Qe3 c5 28. Qa3 Qd7 29. Qf3 Qc7 30. g4 h6 31. h4 Qe7 32. Qg3 d5 33.
f4 exf4 34. Qxf4 Qe1+ 35. Kg2 Qe4+ 36. Qxe4 dxe4 37. Kf2 Kf6 38. Ke3 Ke5 39.
Ke2 a5 40. Kd2 a4 41. c4 a3 42. Kc2 e3 43. Kb3 e2 44. Kxa3 e1=Q 45. Kb2 Qb4+
46. Kc2 Ke4 47. Kd1 Ke3 48. Kc1 Qb3 49. g5 Qc2+ 0-1

[Event "II. CLANSKA LIGA ZAHOD 2018"]
[Site "Komenda"]
[Date "2018.11.25"]
[Round "7.6"]
[White "Brgan, Niko"]
[Black "Malovrh, Lovro"]
[Result "1-0"]
[WhiteElo "2079"]
[BlackElo "1641"]
[PlyCount "41"]
[EventDate "2018.11.25"]
[WhiteTeam "SD MATRIKA STARI TRG OB KOLPI"]
[BlackTeam "SD VRHNIKA"]

1. e4 e5 2. Bc4 Nf6 3. Nc3 Nc6 4. a3 Bc5 5. d3 O-O 6. Bg5 d6 7. Na4 h6 8. Bh4
Bg4 9. f3 Bh5 10. Nxc5 dxc5 11. Ne2 Na5 12. Ba2 Qd7 13. Bxf6 gxf6 14. Qd2 Nc6
15. Qxh6 Rfd8 16. Qxh5 Kf8 17. Ng3 Nd4 18. O-O-O Ke8 19. c3 Ne6 20. Qh8+ Ke7
21. Nf5# 1-0

[Event "II. CLANSKA LIGA ZAHOD 2018"]
[Site "Komenda"]
[Date "2018.11.25"]
[Round "7.1"]
[White "Rojs, Igor"]
[Black "Kralj, Nejc"]
[Result "1/2-1/2"]
[WhiteElo "2007"]
[BlackElo "1734"]
[PlyCount "61"]
[EventDate "2018.11.25"]
[WhiteTeam "SK TRZIN"]
[BlackTeam "SK KOMENDA"]

1. d4 d5 2. Nf3 Nf6 3. Bf4 c5 4. e3 Nc6 5. Nbd2 Bf5 6. c3 Qb6 7. Nh4 Bd7 8. Qb1
g6 9. dxc5 Qxc5 10. Nhf3 Bg7 11. Ne5 O-O 12. Bd3 Rad8 13. Nxc6 Qxc6 14. Be5 Nh5
15. Bxg7 Kxg7 16. Nf3 Rfe8 17. Ne5 Qc7 18. f4 Qb6 19. Qc1 Bb5 20. Bxb5 Qxb5 21.
Qd2 Nf6 22. O-O-O Ne4 23. Qc2 Qa5 24. Kb1 Rc8 25. Rd4 e6 26. Qa4 Qxa4 27. Rxa4
a6 28. Rb4 Rc7 29. Rc1 Rec8 30. Rb6 Rd8 31. Rd1 1/2-1/2

[Event "II. CLANSKA LIGA ZAHOD 2018"]
[Site "Komenda"]
[Date "2018.11.25"]
[Round "7.2"]
[White "Novak, Anze"]
[Black "Jukan, Nesib"]
[Result "1-0"]
[WhiteElo "1670"]
[BlackElo "2018"]
[PlyCount "141"]
[EventDate "2018.11.25"]
[WhiteTeam "SK KOMENDA"]
[BlackTeam "SK TRZIN"]

1. d4 d5 2. c4 e6 3. Nf3 Nf6 4. g3 c6 5. Bg2 Bd6 6. O-O O-O 7. Nbd2 Nbd7 8. b3
a6 9. Bb2 b5 10. cxd5 cxd5 11. Ne5 Bb7 12. Ndf3 Rc8 13. Qd3 Qe7 14. a4 b4 15.
Nxd7 Nxd7 16. Nd2 Nf6 17. e4 dxe4 18. Nxe4 Nd5 19. Rac1 Qd7 20. Ng5 g6 21. h4
Be7 22. Ne4 Nf6 23. Nxf6+ Bxf6 24. Bxb7 Qxb7 25. Rxc8 Rxc8 26. Rc1 Rd8 27. Qc4
a5 28. Qc5 Qf3 29. Qc4 Qg4 30. Qc7 Qe2 31. Ba1 Qf3 32. Qxa5 Rb8 33. Qc7 Re8 34.
Qc6 Qxc6 35. Rxc6 Rd8 36. Rc4 Be7 37. Kf1 Rd5 38. Ke2 f6 39. Bb2 f5 40. Bc1 Rd7
41. Bf4 Bf6 42. Be3 Be7 43. Bf4 Bf6 44. Rxb4 Bxd4 45. Be3 Bf6 46. Rc4 Rb7 47.
b4 Bd8 48. Rc8 Rxb4 49. Rxd8+ Kf7 50. Ra8 e5 51. Ra7+ Ke6 52. a5 Re4 53. Kd3
Kd5 54. Bb6 Ra4 55. Rc7 Ra3+ 56. Rc3 e4+ 57. Kd2 Ra2+ 58. Rc2 Ra3 59. Rc5+ Kd6
60. Rc3 Ra2+ 61. Ke3 h6 62. Bc5+ Kd5 63. Ra3 Rb2 64. Bb6 Rc2 65. a6 Rc8 66. a7
Ra8 67. Bd4 g5 68. Ra5+ Kc6 69. hxg5 hxg5 70. Rxf5 Kb7 71. Rxg5 1-0

[Event "II. CLANSKA LIGA ZAHOD 2018"]
[Site "Komenda"]
[Date "2018.11.25"]
[Round "7.3"]
[White "Borisek, Anze"]
[Black "More, Erlend"]
[Result "1-0"]
[WhiteElo "1916"]
[BlackElo "1579"]
[PlyCount "69"]
[EventDate "2018.11.25"]
[WhiteTeam "SK TRZIN"]
[BlackTeam "SK KOMENDA"]

1. f4 d5 2. Nf3 Nf6 3. e3 c5 4. b3 g6 5. Bb2 Bg7 6. Be2 O-O 7. O-O b6 8. Qe1 e6
9. Nc3 Bb7 10. Nd1 Nc6 11. Ne5 Qc7 12. Nxc6 Bxc6 13. Be5 Qb7 14. Bf3 Nd7 15.
Bxg7 Kxg7 16. Qh4 Nf6 17. d3 Rad8 18. g4 Qc7 19. Nf2 b5 20. g5 Ng8 21. Ng4 f6
22. gxf6+ Nxf6 23. Qh6+ Kg8 24. Ne5 Bb7 25. Kf2 Qg7 26. Qh3 Bc8 27. Rg1 Ne4+
28. dxe4 dxe4 29. Nxg6 hxg6 30. Bxe4 Rxf4+ 31. exf4 Rd2+ 32. Kg3 g5 33. Qg4
Qc3+ 34. Bf3 Kf7 35. Qh5+ 1-0

[Event "II. CLANSKA LIGA ZAHOD 2018"]
[Site "Komenda"]
[Date "2018.11.25"]
[Round "7.4"]
[White "Zidar, Jernej"]
[Black "Krupenko, Peter"]
[Result "1/2-1/2"]
[WhiteElo "1511"]
[BlackElo "1764"]
[PlyCount "62"]
[EventDate "2018.11.25"]
[WhiteTeam "SK KOMENDA"]
[BlackTeam "SK TRZIN"]

1. d4 Nf6 2. Nf3 e6 3. c4 Bb4+ 4. Bd2 Be7 5. Nc3 d5 6. g3 c6 7. Bg2 O-O 8. O-O
Nbd7 9. Qc2 Re8 10. e4 dxe4 11. Nxe4 Nxe4 12. Qxe4 Nf6 13. Qc2 Qc7 14. Rad1 b6
15. Ne5 Bb7 16. Rfe1 c5 17. Bf4 Bxg2 18. Kxg2 cxd4 19. Rxd4 Nd5 20. Qe2 Nxf4+
21. gxf4 Rad8 22. Rd3 Rxd3 23. Qxd3 Rd8 24. Qe4 Bf6 25. f5 Bxe5 26. Qxe5 Qxc4
27. fxe6 Qg4+ 28. Qg3 Qxg3+ 29. hxg3 fxe6 30. Rxe6 Kf7 31. Re2 Rd7 1/2-1/2

[Event "II. CLANSKA LIGA ZAHOD 2018"]
[Site "Komenda"]
[Date "2018.11.25"]
[Round "7.5"]
[White "Leben, Dusan"]
[Black "DjokiS, Pavle"]
[Result "1-0"]
[WhiteElo "1857"]
[BlackElo "1068"]
[PlyCount "115"]
[EventDate "2018.11.25"]
[WhiteTeam "SK TRZIN"]
[BlackTeam "SK KOMENDA"]

1. e4 c6 2. c4 d5 3. cxd5 cxd5 4. Bb5+ Bd7 5. Qa4 dxe4 6. Bxd7+ Qxd7 7. Qxe4
Nf6 8. Qe2 g6 9. Nf3 Bg7 10. Ne5 Qc7 11. O-O O-O 12. Nc3 e6 13. d4 Nbd7 14. Bf4
Qb6 15. Be3 Qc7 16. Nb5 Qa5 17. Nf3 Nd5 18. Nd6 Qb6 19. Ne4 N7f6 20. Nc3 Rac8
21. Rac1 Rfd8 22. Bg5 Re8 23. Rfd1 a6 24. a3 Rc7 25. Nxd5 Nxd5 26. Rxc7 Nxc7
27. Be3 Nd5 28. Rc1 Rd8 29. h3 Ne7 30. d5 Qxb2 31. Qxb2 Bxb2 32. Rb1 Bxa3 33.
dxe6 fxe6 34. Rxb7 Rd6 35. g4 a5 36. Kg2 Nd5 37. Bh6 Rd8 38. Rg7+ Kf8 39. Rxh7+
Ke8 40. Ne5 Bb2 41. Rh8+ Ke7 42. Nc6+ Kd6 43. Rxd8+ Kxc6 44. Ra8 Bc3 45. Bc1
Nb6 46. Rg8 a4 47. Rxg6 Kd5 48. Rg5+ Kd6 49. Ba3+ Kc6 50. Rc5+ Kd6 51. Rxc3+
Ke5 52. h4 Nd5 53. Rc4 Nb6 54. Rb4 Nd5 55. Rxa4 Kf6 56. f4 Ne3+ 57. Kf3 Nd5 58.
Bb2+ 1-0

[Event "II. CLANSKA LIGA ZAHOD 2018"]
[Site "Komenda"]
[Date "2018.11.25"]
[Round "7.6"]
[White "Perme, Martin"]
[Black "Marcetic, Dusan"]
[Result "1-0"]
[WhiteElo "1201"]
[BlackElo "1836"]
[PlyCount "83"]
[EventDate "2018.11.25"]
[WhiteTeam "SK KOMENDA"]
[BlackTeam "SK TRZIN"]

1. e4 Nf6 2. Nc3 d5 3. exd5 Nxd5 4. Bc4 c6 5. Qf3 e6 6. Nge2 Nd7 7. d4 N7f6 8.
Bg5 Be7 9. O-O O-O 10. Nxd5 Nxd5 11. Bxe7 Nxe7 12. Bd3 Ng6 13. c3 Qe7 14. Rae1
Bd7 15. Qg3 Rad8 16. f4 f5 17. Qf3 Nh8 18. Ng3 Qf6 19. Re3 Nf7 20. Qe2 Rde8 21.
Nh5 Qg6 22. Rg3 Qh6 23. Nxg7 Kh8 24. Nxe8 Rxe8 25. Rh3 Qf6 26. Qh5 h6 27. Re1
Rg8 28. Bc4 Rg6 29. Rhe3 Nd8 30. h4 Qe7 31. Qe2 Rg4 32. Rf3 Kh7 33. Rf2 Rxh4
34. Qe5 Qf7 35. Qc7 Qe7 36. Rfe2 Rg4 37. Bxe6 Nxe6 38. Rxe6 Qh4 39. Re7+ Kg6
40. Qd6+ Kh5 41. Qxd7 Rxf4 42. Qe8+ 1-0

[Event "II. CLANSKA LIGA ZAHOD 2018"]
[Site "Komenda"]
[Date "2018.11.25"]
[Round "7.1"]
[White "Persl, Bojan"]
[Black "Skoberne, Jure"]
[Result "0-1"]
[WhiteElo "2080"]
[BlackElo "2572"]
[PlyCount "112"]
[EventDate "2018.11.25"]
[WhiteTeam "SK LJUBLJANA"]
[BlackTeam "SD POSOCJE"]

1. e4 e6 2. d4 d5 3. Nd2 c5 4. Ngf3 cxd4 5. exd5 Qxd5 6. Bc4 Qd6 7. O-O Nf6 8.
Nb3 Nc6 9. Nbxd4 Nxd4 10. Qxd4 Qxd4 11. Nxd4 Bd7 12. a4 Rc8 13. Bd3 Bc5 14. Nb3
Bd6 15. Be3 Bb8 16. Bd4 O-O 17. Bxf6 gxf6 18. Be4 f5 19. Bd3 Kh8 20. Rfd1 Rc7
21. Nd4 a6 22. c3 Rg8 23. Kf1 Kg7 24. f4 Kf6 25. Be2 h5 26. Bxh5 Rh8 27. Bf3
Rxh2 28. Ke2 Rh4 29. a5 Rxf4 30. g3 Rxf3 31. Nxf3 Bb5+ 32. Kf2 Rc8 33. Nd4 Bc4
34. b3 Bd5 35. c4 Be4 36. Rac1 Rh8 37. Ne2 Bc6 38. Rg1 e5 39. b4 f4 40. gxf4
exf4 41. Nd4 Rh2+ 42. Ke1 Be4 43. Rf1 Rb2 44. c5 Rxb4 45. c6 Rxd4 46. c7 Bxc7
47. Rxc7 Bc6 48. Rf2 Ra4 49. Kd2 Kg6 50. Kd3 f3 51. Rc8 Rxa5 52. Rh8 Kf6 53.
Kd4 Ra4+ 54. Kc5 Ke5 55. Rh5+ f5 56. Rf1 Be4 0-1

[Event "II. CLANSKA LIGA ZAHOD 2018"]
[Site "Komenda"]
[Date "2018.11.25"]
[Round "7.2"]
[White "Biti, Ozren"]
[Black "Trussevich, Simon"]
[Result "1-0"]
[WhiteElo "2368"]
[BlackElo "2009"]
[PlyCount "51"]
[EventDate "2018.11.25"]
[WhiteTeam "SD POSOCJE"]
[BlackTeam "SK LJUBLJANA"]

1. e4 c5 2. Nc3 d6 3. f4 Nc6 4. Nf3 g6 5. Bb5 Bd7 6. O-O Bg7 7. d3 e6 8. f5
exf5 9. exf5 Ne5 10. Bf4 gxf5 11. Qe2 f6 12. d4 cxd4 13. Nxd4 Kf8 14. Rad1 Ne7
15. Bxe5 fxe5 16. Bxd7 Qxd7 17. Nxf5 Nxf5 18. Qg4 Ke8 19. Rxf5 Rf8 20. Qh5+ Kd8
21. Qh4+ Ke8 22. Rxf8+ Bxf8 23. Rf1 Qg7 24. Nd5 Kd7 25. Qa4+ Ke6 26. Qc4 1-0

[Event "II. CLANSKA LIGA ZAHOD 2018"]
[Site "Komenda"]
[Date "2018.11.25"]
[Round "7.3"]
[White "Zmavc, Mark"]
[Black "Beletic, Danijel"]
[Result "0-1"]
[WhiteElo "1727"]
[BlackElo "2364"]
[PlyCount "66"]
[EventDate "2018.11.25"]
[WhiteTeam "SK LJUBLJANA"]
[BlackTeam "SD POSOCJE"]

1. d4 d6 2. Nf3 g6 3. c4 Bg7 4. Nc3 Bg4 5. Bg5 c6 6. e3 Qa5 7. Bh4 Nh6 8. Be2
Nf5 9. Bg3 Nd7 10. a3 O-O 11. O-O Qc7 12. b4 e5 13. dxe5 dxe5 14. Qc2 a5 15.
Rab1 axb4 16. axb4 h5 17. Nh4 Nxg3 18. hxg3 Nf6 19. Nf3 e4 20. Nd4 Qe5 21. Ra1
Bxe2 22. Ncxe2 Bh6 23. Qb3 Ng4 24. Ra3 h4 25. Nc2 Rad8 26. Qc3 Qh5 27. Nf4 Bxf4
28. gxf4 h3 29. g3 Rd3 30. Qe1 Ne5 31. f3 Nxf3+ 32. Rxf3 Qxf3 33. Qf2 h2+ 0-1

[Event "II. CLANSKA LIGA ZAHOD 2018"]
[Site "Komenda"]
[Date "2018.11.25"]
[Round "7.4"]
[White "Ursic, Mateja"]
[Black "Sivcevic, Nusret"]
[Result "1-0"]
[WhiteElo "1985"]
[BlackElo "1748"]
[PlyCount "119"]
[EventDate "2018.11.25"]
[WhiteTeam "SD POSOCJE"]
[BlackTeam "SK LJUBLJANA"]

1. e4 e6 2. d4 b6 3. Nf3 Bb7 4. Bd3 c5 5. c3 Be7 6. O-O g5 7. Re1 h5 8. Na3 g4
9. Ne5 d6 10. Nec4 a6 11. dxc5 dxc5 12. Bf4 b5 13. Ne5 c4 14. Bf1 Nc6 15. Nxc6
Bxc6 16. Nc2 Qb6 17. Qd4 Qxd4 18. Nxd4 Bb7 19. a4 Bc5 20. axb5 Bxd4 21. bxa6
Bxf2+ 22. Kxf2 Rxa6 23. Rxa6 Bxa6 24. Ra1 Bc8 25. Ra8 Ne7 26. Bxc4 O-O 27. Bd6
Bb7 28. Rxf8+ Kxf8 29. Ke3 Ke8 30. b4 Nc6 31. b5 Na7 32. Bd3 f6 33. c4 Kd7 34.
Bb4 e5 35. c5 f5 36. c6+ Bxc6 37. bxc6+ Nxc6 38. Bc3 f4+ 39. Kf2 Ke6 40. Bc4+
Kf6 41. Bd5 Ne7 42. Bc4 Ng6 43. Ba5 Nf8 44. Bd8+ Kg7 45. g3 Ng6 46. gxf4 Nxf4
47. Kg3 Kg6 48. Bc7 Kf6 49. Kh4 Kg6 50. Bxe5 Ng2+ 51. Kg3 Ne1 52. Be2 Nc2 53.
Bf4 Nd4 54. Bd3 Nf3 55. e5+ Kf7 56. Bc4+ Ke7 57. Bd5 Ne1 58. Bg5+ Ke8 59. e6
Nd3 60. Bc6+ 1-0

[Event "II. CLANSKA LIGA ZAHOD 2018"]
[Site "Komenda"]
[Date "2018.11.25"]
[Round "7.5"]
[White "Jersic, Aleks"]
[Black "Hozjan, Erik"]
[Result "0-1"]
[WhiteElo "1650"]
[BlackElo "1953"]
[PlyCount "112"]
[EventDate "2018.11.25"]
[WhiteTeam "SK LJUBLJANA"]
[BlackTeam "SD POSOCJE"]

1. e4 c5 2. c3 d5 3. exd5 Qxd5 4. d4 Nf6 5. Nf3 Bg4 6. Nbd2 cxd4 7. cxd4 Nc6 8.
Bc4 Bxf3 9. Bxd5 Bxd1 10. Bxc6+ bxc6 11. Kxd1 e6 12. Nb3 Be7 13. Ke2 O-O 14.
Bd2 Rfd8 15. Rac1 Rac8 16. Rc2 Ne4 17. Ba5 Rd7 18. Rhc1 Bf6 19. Rxc6 Rxc6 20.
Rxc6 h5 21. f3 Ng5 22. Rc8+ Kh7 23. h4 Nxf3 24. Kxf3 Bxd4 25. Nxd4 Rxd4 26. g3
Ra4 27. Bc3 Rxa2 28. Rc5 Kh6 29. Ra5 Rxa5 30. Bxa5 g5 31. Bd8 gxh4 32. gxh4 Kg6
33. Kf4 f6 34. Ba5 Kf7 35. b4 a6 36. Bb6 Kg7 37. Ke4 Kg6 38. Bf2 Kf7 39. Kd4
e5+ 40. Ke4 Ke6 41. Kd3 Kd5 42. Be1 f5 43. Ke3 Kc4 44. Kf3 Kd3 45. Bg3 Kd4 46.
Bh2 Kd5 47. Ke3 Kd6 48. Bg1 Kd5 49. Bh2 Kd6 50. Kd2 Kd5 51. Kc3 Ke4 52. Kc4 f4
53. Bg1 Kf3 54. Kd5 e4 55. Bd4 e3 56. Bc3 Ke2 0-1

[Event "II. CLANSKA LIGA ZAHOD 2018"]
[Site "Komenda"]
[Date "2018.11.25"]
[Round "7.6"]
[White "Ursic, Jakob"]
[Black "Topolovec, Vid"]
[Result "1/2-1/2"]
[WhiteElo "1925"]
[BlackElo "1671"]
[PlyCount "85"]
[EventDate "2018.11.25"]
[WhiteTeam "SD POSOCJE"]
[BlackTeam "SK LJUBLJANA"]

1. e4 e5 2. Nf3 Nc6 3. Nc3 Nf6 4. d4 exd4 5. Nxd4 Bb4 6. Nxc6 bxc6 7. Bd3 O-O
8. O-O d6 9. Bg5 Qe7 10. Qf3 Qe5 11. Bxf6 gxf6 12. Ne2 Kh8 13. Ng3 Rg8 14. Nf5
Bxf5 15. exf5 d5 16. c3 Bd6 17. g3 Bc5 18. Rfe1 Qd6 19. Re2 Rae8 20. Rae1 Re5
21. Kg2 Rge8 22. Qh5 R8e7 23. b4 Bb6 24. Qh6 Kg8 25. Qf4 Rxe2 26. Qxd6 Rxf2+
27. Kh3 cxd6 28. Rxe7 Rxa2 29. Rd7 Kf8 30. Rxd6 Rd2 31. Ba6 c5 32. Bc4 cxb4 33.
cxb4 Rd4 34. Ba2 Rxb4 35. Rxd5 Rb2 36. Bc4 Bg1 37. Rd7 Rxh2+ 38. Kg4 h5+ 39.
Kf3 Ke8 40. Rxf7 Bd4 41. Ke4 Be5 42. Rxa7 Bxg3 43. Kf3 1/2-1/2

[Event "II. CLANSKA LIGA ZAHOD 2018"]
[Site "Komenda"]
[Date "2018.11.25"]
[Round "7.1"]
[White "Luzar, Emil"]
[Black "Buha, Drago"]
[Result "1-0"]
[WhiteElo "2115"]
[BlackElo "1950"]
[PlyCount "81"]
[EventDate "2018.11.25"]
[WhiteTeam "SK DOLENJSKE TOPLICE"]
[BlackTeam "SD RADOVLJICA"]

1. e4 d6 2. d4 Nf6 3. Nc3 g6 4. Bc4 Bg7 5. Qe2 O-O 6. e5 Ne8 7. f4 dxe5 8. dxe5
e6 9. Nf3 b6 10. b3 Bb7 11. Ba3 c5 12. Rd1 Qe7 13. O-O Nc7 14. Rd6 Nc6 15. Rfd1
Rfd8 16. Ne4 Ne8 17. Bb2 Nxd6 18. exd6 Qf8 19. Bf6 Bxf6 20. Nxf6+ Kg7 21. Qe3
Kh8 22. Ng5 h6 23. Qh3 Kg7 24. Ng4 h5 25. Qc3+ Nd4 26. Rxd4 hxg4 27. Rd3+ Kh6
28. Bxe6 Be4 29. Nxf7+ Kh7 30. Ng5+ Kh6 31. Nxe4 Qxf4 32. Qd2 Qxd2 33. Rxd2 Re8
34. Bd5 Rad8 35. Kf2 Re5 36. Kg3 Rh5 37. Bc6 Re5 38. d7 Re6 39. Nd6 Kh5 40.
Rd5+ g5 41. Nf7 1-0

[Event "II. CLANSKA LIGA ZAHOD 2018"]
[Site "Komenda"]
[Date "2018.11.25"]
[Round "7.2"]
[White "Jovan, Romuald"]
[Black "Pucelj, Joze"]
[Result "0-1"]
[WhiteElo "1914"]
[BlackElo "2100"]
[PlyCount "100"]
[EventDate "2018.11.25"]
[WhiteTeam "SD RADOVLJICA"]
[BlackTeam "SK DOLENJSKE TOPLICE"]

1. d4 g6 2. c4 Bg7 3. Nc3 c5 4. d5 Nf6 5. e4 d6 6. Be2 O-O 7. Nf3 e6 8. O-O
exd5 9. exd5 a6 10. a4 Ng4 11. Bg5 f6 12. Bd2 Ne5 13. Nxe5 fxe5 14. h3 Nd7 15.
Ne4 Nf6 16. Bg5 Qc7 17. Nxf6+ Bxf6 18. Bh6 Bg7 19. Qd2 Qf7 20. Bxg7 Kxg7 21. b4
Qc7 22. f4 e4 23. Qc3+ Kg8 24. Rab1 b6 25. Qe3 Re8 26. g4 a5 27. bxc5 bxc5 28.
Rb2 Rb8 29. Rxb8 Qxb8 30. f5 gxf5 31. Qg5+ Kh8 32. Qf6+ Kg8 33. gxf5 Rf8 34.
Qg5+ Kh8 35. Kh1 Qc7 36. Bg4 Qg7 37. Qf4 Qe5 38. Kg2 Qxf4 39. Rxf4 Bd7 40. Rxe4
Bxa4 41. Re6 Bb3 42. Rxd6 Bxc4 43. Kf3 a4 44. Rd7 h5 45. Bxh5 Rxf5+ 46. Kg4
Rxd5 47. Re7 a3 48. Be8 a2 49. Re1 Bb3 50. Bh5 Bd1+ 0-1

[Event "II. CLANSKA LIGA ZAHOD 2018"]
[Site "Komenda"]
[Date "2018.11.25"]
[Round "7.3"]
[White "Janko, Roman"]
[Black "Prestrl, Jozef"]
[Result "1-0"]
[WhiteElo "1869"]
[BlackElo "1877"]
[PlyCount "107"]
[EventDate "2018.11.25"]
[WhiteTeam "SK DOLENJSKE TOPLICE"]
[BlackTeam "SD RADOVLJICA"]

1. e4 c6 2. d4 d5 3. e5 Bf5 4. g4 Bc8 5. c3 Qb6 6. Bd3 g6 7. f4 e6 8. Nf3 c5 9.
Qb3 Bd7 10. Be3 c4 11. Qxb6 axb6 12. Bc2 b5 13. Nbd2 b4 14. O-O Nh6 15. h3 Nc6
16. Kg2 Kd8 17. Kg3 Kc7 18. Nh4 Be7 19. f5 Bxh4+ 20. Kxh4 Ng8 21. fxe6 Bxe6 22.
Nf3 h5 23. Kg3 hxg4 24. hxg4 Nh6 25. Bxh6 Rxh6 26. Ng5 Rah8 27. Rf2 bxc3 28.
bxc3 Nd8 29. a4 Rh1 30. Rxh1 Rxh1 31. Nxe6+ fxe6 32. Bxg6 Kd7 33. Bc2 Ke7 34.
g5 Rh8 35. g6 Rf8 36. Rh2 Rf1 37. Kg4 Rg1+ 38. Kh5 Kf8 39. Kh6 Kg8 40. Rf2 Rh1+
41. Kg5 Kg7 42. a5 Rh3 43. Kg4 Rh1 44. Kg3 Rh8 45. Rf1 Rf8 46. Rxf8 Kxf8 47.
Kg4 Kg7 48. Kg5 Nc6 49. Ba4 Nxa5 50. Bd7 Nb3 51. Bxe6 Nxd4 52. cxd4 c3 53. Bf5
b5 54. e6 1-0

[Event "II. CLANSKA LIGA ZAHOD 2018"]
[Site "Komenda"]
[Date "2018.11.25"]
[Round "7.4"]
[White "Pretnar, Bostjan"]
[Black "Gorse, Damjan"]
[Result "1-0"]
[WhiteElo "1755"]
[BlackElo "1797"]
[PlyCount "41"]
[EventDate "2018.11.25"]
[WhiteTeam "SD RADOVLJICA"]
[BlackTeam "SK DOLENJSKE TOPLICE"]

1. d4 Nf6 2. Nf3 d5 3. e3 e6 4. Bd3 c5 5. b3 Nc6 6. a3 cxd4 7. exd4 a6 8. Nbd2
Be7 9. Bb2 O-O 10. O-O Nd7 11. Qe2 Bf6 12. Ne5 Qc7 13. Rae1 Bxe5 14. dxe5 Nc5
15. Bxh7+ Kxh7 16. Qh5+ Kg8 17. Re3 d4 18. Rh3 f6 19. f4 fxe5 20. Qh8+ Kf7 21.
fxe5+ 1-0

[Event "II. CLANSKA LIGA ZAHOD 2018"]
[Site "Komenda"]
[Date "2018.11.25"]
[Round "7.6"]
[White "Krivec, Metod"]
[Black "Volf, Zdravko"]
[Result "1-0"]
[WhiteElo "1753"]
[BlackElo "2001"]
[PlyCount "56"]
[EventDate "2018.11.25"]
[WhiteTeam "SD RADOVLJICA"]
[BlackTeam "SK DOLENJSKE TOPLICE"]

1. d4 d5 2. c4 c6 3. Nc3 Nf6 4. Nf3 g6 5. e3 Bg7 6. Be2 O-O 7. O-O Bg4 8. Qb3
b6 9. h3 Bf5 10. Rd1 Be4 11. Nxe4 Nxe4 12. Nd2 Nf6 13. Bf3 e6 14. Qd3 Nbd7 15.
cxd5 cxd5 16. Qb3 Qc7 17. Be2 Ne8 18. Nf3 Nd6 19. Bd2 Ne4 20. Bb4 Rfc8 21. Ba6
Rd8 22. Rac1 Qb8 23. Rc6 Bf8 24. Rdc1 Bxb4 25. Qxb4 Ndf6 26. Ne5 Ne8 27. Qe7
N8d6 28. Nd7 Nf5 1-0